000 00259nam a2200109Ia 4500
999 _c23132
_d23132
082 _aRR 808.88203 COH-P
100 _aCohen, M.L;.
245 0 _aPenguin dictionary of quotations
260 _aMiddlesex
_bPenguin Books
_c1960
300 _avi,663p.
942 _cBK